Основы синтеза полимеров методом поликонденсации

Detaylı Bibliyografya
Yazar: Соколов Л. Б. Лев Борисович
Dil:Rusça
Baskı/Yayın Bilgisi: Москва, Химия, 1979
Konular:
Materyal Türü: Kitap
KOHA link:https://koha.lib.tpu.ru/cgi-bin/koha/opac-detail.pl?biblionumber=36232

MARC

LEADER 00000nam0a2200000 4500
001 36232
005 20231031001455.0
035 |a (RuTPU)RU\TPU\book\36702 
035 |a BOOK00003354 
090 |a 36232 
100 |a 20011210d1979 km y0rusy50 ca 
101 0 |a rus 
102 |a RU 
105 |a a z 001zy 
200 1 |a Основы синтеза полимеров методом поликонденсации  |f Л. Б. Соколов 
210 |a Москва  |c Химия  |d 1979 
215 |a 263 с.  |c ил. 
320 |a Библиогр. в конце глав. 
610 1 |a химия 
610 1 |a полимеры 
610 1 |a синтез 
610 1 |a поликонденсация 
610 1 |a процессы 
610 1 |a свойства 
675 |a 678.02  |v 3 
700 1 |a Соколов  |b Л. Б.  |g Лев Борисович 
801 0 |a RU  |b 63413507  |c 20011210  |g PSBO 
801 2 |a RU  |b 63413507  |c 20201028  |g PSBO 
900 |a Химия и физика высокомолекулярных соединений 
942 |c BK